Дело о вызолочении в Зимнем каменном дворце всего Кавалергардского покоя и о сделании вместо трёх алебастровых, трёх мраморных с...

Доступно только в Электронных читальных залах Найти на картеНа карте
RUSMARC
00003730nmc2a22002413x 450
001e476c043-abe2-49ab-afed-b80fb3886a96
00520220828160239.0
100##$a20220412l17821784k l0rusy0189 ca
1010#$arus
102##$aRU
105##$ay###
1222#$ad
2001#$aДело о вызолочении в Зимнем каменном дворце всего Кавалергардского покоя и о сделании вместо трёх алебастровых, трёх мраморных статуй и об отпуске материалов
$j11 ноября 1782 г. - 13 сентября 1784 г.
215##$a24 л.
$d36,5х26 см
251##$cДело
300##$aДело
371##$aДокумент не является опубликованным и широко распространяемым
461#0$1001625a9a7e-a890-4307-a7fe-826a2289a412
$12001
$aГоф-интенданская контора Министерства императорского двора
$1251
$cФонд
$1852
$j470
462#0$10013b995d6e-58fd-412c-9c29-c11444cea082
$12001
$aПо Зимнему дворцу
$1251
$cОпись
$1852
$j1
$l82-516
801#0$aRU
$bРГИА
$c20220412
$gRCR
801#1$aRU
$bГлавНИВЦ
$c20220412
$2rusmarc
801#2$aRU
$bПБ им. Б.Н. Ельцина
$c20220828
$gRCR
$2rusmarc
850##$aРГИА
852##$aРГИА
$eФедеральное казенное учреждение "Российский государственный исторический архив" (РГИА)
$j66
937##$hРГИА
$d12382055
$aASBIBLIO_SCAN
035##$aRusGRCC00042496
856##$uhttp://readingroom.main.prlib.ru/item.aspx?id_node=n178493328&mode=full
Формат отображения